Statistics for Harry Potter; The Goblet of Fire Quotes

Click here to take the quiz!

General Stats

  • This quiz has been taken 40 times
  • The average score is 7 of 15

Answer Stats

HintAnswer% Correct
"Sir is very kind!"Dobby
88%
"Curiosity is not a sin,"Albus Dumbledore
76%
"CONSTANT VIGILANCE!"Alastor Moody
73%
"I'm your son!"Barty Crouch Jr
67%
"Hey, Potter! Potter! How's your head?"Draco Malfoy
64%
"Maze,"Viktor Krum
61%
"Try us, why don't you?"Ron Weasley
55%
"No, no, Vi, it's the password,"The Fat Lady
52%
"Just go through it again,Harry,"Hermione Granger
48%
"Hello there!"Ludo Bagman
39%
"Mademoiselle Delacour, could we have you first, please?"Garrick Ollivander
30%
"I hope she stays, that woman,"Parvati Patil
21%
"Harry- thanks,"George Weasley
18%
"'Bye,'bye,"Moaning Myrtle
15%
"Are you paying attention over there?"Proffesor Grubbly-Plank
15%

Score Distribution

Percentile by Number Answered

Percent of People with Each Score

Your Score History

You have not taken this quiz